'Golden' Things Quiz Stats

Quiz Updated Mar 13, 2013

Also try: Gold and Silver
Challenge
Share
Tweet
Score 0/18 Timer 04:00
8 Plays Today
Column 'Golden' Thing % Correct
Column 2Golden Egg
97.1%
Column 4Golden Retriever
92.5%
Column 4Golden Gate Bridge
92.2%
Column 2Golden Girls
89.5%
Column 1Golden Arches
85%
Column 3Golden Eagle
83.4%
Column 1Golden Ticket
79.5%
Column 1GoldenEye
76.7%
Column 5Golden Grahams
68.3%
Column 'Golden' Thing % Correct
Column 3Golden Delicious
61.8%
Column 2The Golden Compass
57.2%
Column 5Golden Globe Award
55.9%
Column 3Golden State Warriors
47.4%
Column 1Golden Calf
37.8%
Column 3Goldenrod
31.6%
Column 4Golden Hind
11.7%
Column 2Golden Axe
7.6%
Column 5Golden Ratio
4.6%

You're not logged in!

Compare scores with friends on all Sporcle quizzes.
Sign Up with Email
OR
Log In

You Might Also Like...

Show Comments

Extras

Top Quizzes Today


Score Distribution

Your Account Isn't Verified!

In order to create a playlist on Sporcle, you need to verify the email address you used during registration. Go to your Sporcle Settings to finish the process.

Report this User

Report this user for behavior that violates our Community Guidelines.

Details: